| 000 | 00438nam a2200157Ia 4500 | ||
|---|---|---|---|
| 008 | 160316s1956 xxu||||| |||| 00| 0 eng d | ||
| 082 |
_a340.973000 _bCAH |
||
| 100 | _aCahn Edmond | ||
| 245 | _aThe moral decision : Right and wrong in the light of American law | ||
| 250 | _a | ||
| 260 |
_aBloomington _bIndiana University Press _c1956 |
||
| 300 |
_a342p _b20 cm _cix |
||
| 365 | _bRs.50 | ||
| 650 | _a1.American Law - U S A | ||
| 700 |
_a _a |
||
| 999 |
_c286 _d286 |
||